00793nam a22002177a 4500003001100000005001700011008004100028020001500069040003900084041000800123082001600131100003200147245011700179260005300296300003200349650004800381650003300429942000700462952009100469999001500560LK-CoMWRAF20240103142211.0231203b2009 |||||||| |||| 00| 0 eng d a9551772466 aLK-CoMWRAFdLK-CoMWRAFeLK-CoMWRAF aeng a363.34bSIL aSilva, D. A. Premakumara De aThe "second tsunami" : bthe loss of peaceful coexistence among Tsunami-affected villagers in Southern Sri Lanka aColombo:bSocial Scientists' Association, c2009 a 19 p. : ill., maps ; 23 cm aDisaster relief- Social aspects- Sri Lanka  aNatural disasters- Sri Lanka cBK 00104070aMAINbMAINd2023-12-03l0o363.34 SILpRAF3309r2023-12-03w2023-12-03yBK c4290d4290